| 000 | 00408 a2200157 4500 | ||
|---|---|---|---|
| 999 |
_c12786 _d12786 |
||
| 003 | OSt | ||
| 005 | 20240626183730.0 | ||
| 008 | 240626b ||||| |||| 00| 0 eng d | ||
| 020 | _a9781946226723 | ||
| 082 |
_a720.922 _bMIA |
||
| 100 | _a Oscar Riera Ojeda (Editor) | ||
| 245 | _aPERKINS & WILL MIAMI: Twenty-Five Years | ||
| 260 |
_bOscar Riera Ojeda Publisher _c2023 |
||
| 300 | _a197pages | ||
| 942 | _2ddc | ||